000 01005nam1a22002531i 4500
001 v19\rc\1821016
005 20260406222141.0
035 _a(NLR Aleph) 004918893
090 _a5556712
_c5556712
100 _a20071224d1907 |||y0rusy50 ca
101 0 _arus
102 _aRU
105 _ay z |||||
200 1 _aОтчет С.-Петербургского общества поощрения рысистого коннозаводства ...
210 _a[Санкт-Петербург
_d1907]
215 _d34
532 1 2 _aОтчет Санкт-Петербургского общества поощрения рысистого коннозаводства ...
710 0 2 _aПетербургское общество поощрения рысистого коннозаводства
_3RU\NLR\AUTH\889977112
_9450942
801 0 _aRU
_bNLR
_gpsbo
801 0 _aRU
_bRuMoRGB
_2psbo
801 1 _aRU
_bProSoft-M
_2rusmarc
852 _aNLR
_j20.91.1.46(2)
899 _aRuMoRGB
_jA 300/27
942 _cBOOK